| 000 | 00514nam a2200205Ia 4500 | ||
|---|---|---|---|
| 003 | GCL | ||
| 008 | 140319s9999 xx 000 0 eng d | ||
| 020 | _a0451186540 | ||
| 040 |
_aGCL / _cGCL |
||
| 082 | 0 | 4 |
_a923.2 _bW N |
| 100 | 1 | _aWARNER, MALCOLM | |
| 245 | 1 | 0 |
_aNEWT GINGRICH / _cWARNER, MALCOLM |
| 700 | 1 | _aBERLIN, IRA | |
| 260 |
_a[S.N] : _bA SIGNET BOOK |
||
| 300 |
_a18 CM ؛ _cX1V, 234 P |
||
| 650 | 0 | 4 | _aBIOGRAPHY |
| 650 | 0 | 4 | _aPOLITICIANS |
| 650 | 0 | 4 | _aGINGERICH, NEWT - BIOGRAPHY |
| 942 |
_2ddc _cBK |
||
| 999 |
_c4780 _d4780 |
||